LEADER 01990nas 2200649-a 450 001 996209868303316 005 20240112213020.0 011 $a1479-5868 035 $a(DE-599)ZDB2134691-4 035 $a(OCoLC)54464493 035 $a(CKB)111078164995000 035 $a(CONSER)--2004243416 035 $a(EXLCZ)99111078164995000 100 $a20040223a20049999 s-- a 101 0 $aeng 135 $aurcn||||||||| 181 $ctxt$2rdacontent 182 $cc$2rdamedia 183 $acr$2rdacarrier 200 04$aThe international journal of behavioral nutrition and physical activity 210 $a[London] $cBioMed Central$d2004- 300 $aRefereed/Peer-reviewed 300 $aTitle from issue PDF caption (publisher Web site, viewed June 4, 2004). 517 1 $aIJBNPA 531 $aIJBNPA 531 $aINTERNATIONAL JOURNAL OF BEHAVIORAL NUTRITION AND PHYSICAL ACTIVITY 531 $aINT J BEHAV NUTR PHYS ACT 531 $aINT J BEHAV NUTR PHY 531 $aINT. J. BEHAV. NUTR. PHYS. ACT 531 10$aInt J Behav Nutr Phys Act 606 $aDiet$vPeriodicals 606 $aPhysical fitness$vPeriodicals 606 $aDiet 606 $aPhysical Fitness 606 $aNutrition Science$2ebps 606 $aExercise & Fitness$2ebps 606 $aDiet$2fast$3(OCoLC)fst00893284 606 $aPhysical fitness$2fast$3(OCoLC)fst01062569 608 $aPeriodical. 608 $aFulltext. 608 $aInternet Resources. 608 $aPeriodicals. 608 $aPeriodicals.$2fast 615 0$aDiet 615 0$aPhysical fitness 615 12$aDiet. 615 22$aPhysical Fitness. 615 7$aNutrition Science. 615 7$aExercise & Fitness. 615 7$aDiet. 615 7$aPhysical fitness. 676 $a363.8 712 02$aBioMed Central Ltd. 906 $aJOURNAL 912 $a996209868303316 996 $aThe international journal of behavioral nutrition and physical activity$92049142 997 $aUNISA